Southville International School and Colleges
Your cart is empty.
  • Cart
  • Lists
    Public lists list_1 View all
    Your lists Log in to create your own lists
  • Log in to your account
  • Your cookies
  • Search history
Southville International School and Colleges
  • Advanced search
  • Recent comments
  • Most popular
  • Libraries

Log in to your account

Log in with GOOGLE


If you do not have an external account, but do have a local account, you can still log in:

  1. Home
  2. MARC view: Lewis and Clark /
Normal view MARC view ISBD view

Lewis and Clark / (Record no. 110402)

[ view plain ]
MARC details
000 -LEADER
fixed length control field 00885nam a2200241 a 4500
001 - CONTROL NUMBER
control field 1845
005 - DATE AND TIME OF LATEST TRANSACTION
control field 20140414131855.0
008 - FIXED-LENGTH DATA ELEMENTS--GENERAL INFORMATION
fixed length control field 010423s19uu xx 00 eng d
020 ## - INTERNATIONAL STANDARD BOOK NUMBER
International Standard Book Number 0-89686-707-2
050 ## - LIBRARY OF CONGRESS CALL NUMBER
Classification number M 910.92
Item number N74 1993
100 ## - MAIN ENTRY--PERSONAL NAME
Personal name Noonan, Jon
245 ## - TITLE STATEMENT
Title Lewis and Clark /
Statement of responsibility, etc by Jon Noonan ; illustrated by Yoshie Miyake.
250 ## - EDITION STATEMENT
Edition statement 1st Ed
260 ## - PUBLICATION, DISTRIBUTION, ETC. (IMPRINT)
Place of publication, distribution, etc New York :
Name of publisher, distributor, etc Crestwood House,
Date of publication, distribution, etc 1993.
300 ## - PHYSICAL DESCRIPTION
Extent 48 p. : ill. ; cm.
440 ## - SERIES STATEMENT/ADDED ENTRY--TITLE
Title Explorers
500 ## - GENERAL NOTE
General note Includes index.
520 ## - SUMMARY, ETC.
Summary, etc Examines the achivements of the two men who will led the great exploring expedition through territory gained by the Louisiana Purchase.
650 ## - SUBJECT ADDED ENTRY--TOPICAL TERM
Topical term or geographic name as entry element Lewis and Clark Expidition (1804-1806) - Juvenile literature.
650 ## - SUBJECT ADDED ENTRY--TOPICAL TERM
Topical term or geographic name as entry element Lewis, Merriwether , 1774-1908-Juvenile literature.
650 ## - SUBJECT ADDED ENTRY--TOPICAL TERM
Topical term or geographic name as entry element Clark, William, 1770-1838 - Juvenile literature.
Holdings
Withdrawn status Lost status Damaged status Home library Current library Shelving location Date acquired Source of acquisition Total Checkouts Full call number Barcode Date last seen Price effective from Koha item type
      Munich Library Munich Library Main Section 12/22/2004     M 910.92 N74 1993 M0796 04/14/2014 04/14/2014 Books

Lewis and Clark /

APA

Noonan J., . (1993). Lewis and Clark. New York: Crestwood House.

Chicago

Noonan Jon, . 1993. Lewis and Clark. New York: Crestwood House.

Harvard

Noonan J., . (1993). Lewis and Clark. New York: Crestwood House.

MLA

Noonan Jon, . Lewis and Clark. New York: Crestwood House. 1993.

  • Place hold
  • Print
  • Cite
  • Add to your cart (remove)
  • Save record
    BIBTEX Dublin Core MARCXML MARC (non-Unicode/MARC-8) MARC (Unicode/UTF-8) MARC (Unicode/UTF-8, Standard) MODS (XML) RIS
  • More searches
    Search for this title in:
    Other Libraries (WorldCat) Other Databases (Google Scholar) Online Stores (Bookfinder.com) Open Library (openlibrary.org)

Exporting to Dublin Core...

SOUTHVILLE LIBRARY

Southville International School and Colleges Library

1281 Tropical Ave. Cor. Luxembourg St., BF Homes International, Las Pinas City

Tel. No. 8256374 / 252358 Loc. 117/146

Powered by Koha